UM Logo

Characterizing the psychology of time perspective : an exploratory study / (Record no. 9896)

MARC details
000 -LEADER
fixed length control field 00631nam a22001697a 4500
008 - FIXED-LENGTH DATA ELEMENTS--GENERAL INFORMATION
fixed length control field 180720b ||||| |||| 00| 0 eng d
082 ## - DEWEY DECIMAL CLASSIFICATION NUMBER
Edition number 2018
Classification number UT 0896
Item number S17
100 ## - MAIN ENTRY--PERSONAL NAME
9 (RLIN) 29240
Personal name Salming, Kit Ivan J.
245 ## - TITLE STATEMENT
Title Characterizing the psychology of time perspective : an exploratory study /
Statement of responsibility, etc. Salming, Kit Ivan, Arevalo, Ruth, Alabado, Novie Kay.
260 ## - PUBLICATION, DISTRIBUTION, ETC. (IMPRINT)
Place of publication, distribution, etc. Digos City:
Name of publisher, distributor, etc. UMDC
Date of publication, distribution, etc. March 2018.
300 ## - PHYSICAL DESCRIPTION
Extent 79 pages ;
Other physical details 30 cm.
650 #0 - SUBJECT ADDED ENTRY--TOPICAL TERM
9 (RLIN) 29241
Topical term or geographic name as entry element BS Pscyhology
Form subdivision Psychology
General subdivision Undergraduate thesis.
700 ## - ADDED ENTRY--PERSONAL NAME
9 (RLIN) 29242
Personal name Salming, Kit Ivan
700 ## - ADDED ENTRY--PERSONAL NAME
9 (RLIN) 29243
Personal name Arevalo, Ruth
700 ## - ADDED ENTRY--PERSONAL NAME
9 (RLIN) 29244
Personal name Alabado, Novie Kay
942 ## - ADDED ENTRY ELEMENTS (KOHA)
Source of classification or shelving scheme Dewey Decimal Classification
Koha item type Undergraduate Thesis
Holdings
Withdrawn status Lost status Source of classification or shelving scheme Damaged status Not for loan Home library Current library Date acquired Total Checkouts Full call number Barcode Date last seen Copy number Price effective from Koha item type
    Dewey Decimal Classification     UM Digos College - LIC UM Digos College - LIC 07/11/2018   UT 0896 S17 2018 0896 05/15/2025 1 07/20/2018 Undergraduate Thesis